Ouvertures d'échecs par images - Facile - Statistiques

Statistiques générales
  • Ce quiz a été pris 244 fois
  • Le résultat moyen est 10 sur 16
Statistiques - réponses
Par images Réponse % Correct
{Gambit} {dame}
86%
Défense {française}
82%
Système {de} {Londres}
80%
Partie {italienne}
77%
Partie {espagnole}
73%
Défense {sicilienne}
72%
Défense {scandinave}
68%
Défense {Caro-Kann}
66%
Ouverture {anglaise}
62%
Défense {russe}
60%
Partie {écossaise}
60%
Début {Réti}
51%
Partie {viennoise}
43%
Défense {indienne}
36%
Défense {moderne}
36%
Défense {Philidor}
34%
Aucun quiz correspondant
Distribution des résultats
% des personnes avec chaque résultat
Percentile par nombre de réponses
Votre historique - résultats
Vous n’avez pas pris ce quiz